| 000 | 01731nam a22004337a 4500 | ||
|---|---|---|---|
| 003 | CHAP | ||
| 005 | 20220817044248.0 | ||
| 008 | 090406s2008 mx r 00010 spa d | ||
| 010 | _a96007 | ||
| 011 | _a96979 | ||
| 035 | _a107636 | ||
| 040 | _cCHAP | ||
| 090 | _aTesis | ||
| 100 | 1 |
_aVázquez Hernández, Alma Rubí. _9120389 |
|
| 245 | 1 | 0 |
_aImpacto de las remesas y los apoyos gubernamentales en el comportamiento de la pobreza para la región centro de México 2000 - 2006 _c/por Alma Rubí Vázquez Hernández |
| 260 |
_aChapingo, Méx. : _bEl autor, _c2008 |
||
| 300 |
_a96 h. : _acuadros, gráfs. |
||
| 502 | _aTesis (Lic. en Economía Agrícola) -- UACH. División de Ciencias Económico Administrativas | ||
| 530 | _aTambién disponible en línea | ||
| 590 |
_aALEPH _b10 _c20130110 _lUCH01 _h1528 |
||
| 590 |
_aBATCH-UPD _b10 _c20130110 _lUCH01 _h0410 |
||
| 590 |
_aBATCH-UPD _b10 _c20130410 _lUCH01 _h0044 |
||
| 590 |
_aBATCH-UPD _b10 _c20130410 _lUCH01 _h1557 |
||
| 590 |
_aBATCH-UPD _b10 _c20130914 _lUCH01 _h1054 |
||
| 590 |
_aBATCH-UPD _b10 _c20140324 _lUCH01 _h1511 |
||
| 590 |
_aBATCH-UPD _b10 _c20141002 _lUCH01 _h0839 |
||
| 590 |
_aCONVERSION _b10 _c20130109 _lUCH01 _h1353 |
||
| 650 | 0 | 4 |
_aMéxico _xCondiciones económicas. |
| 650 | 1 | 4 |
_aCostos y nivel de vida _xEstadísticas. _928528 |
| 650 | 1 | 4 |
_aIngresos. _958362 |
| 650 | 1 | 4 |
_aPoblación rural _zMéxico. _989459 |
| 650 | 1 | 4 |
_aPobreza. _989463 |
| 650 | 1 | 4 |
_aUrbanismo _zMéxico. _9116849 |
| 856 |
_3Finding aid _uhttp://10.13.5.2/tesis/107636.pdf _zTeclea aqui |
||
| 901 | _aBK | ||
| 942 | _cFOLL | ||
| 949 |
_aTesis _bBC _cTES _d33724002088512 _eTS2 _fc.2 _gDonaciØn _h49150 _i107636 _sb |
||
| 949 |
_aTesis _bBC _cTES _d33724002088553 _eTS1 _gDonaciØn _h49149 _i107636 _sb |
||
| 999 |
_c96007 _d96007 |
||